Πορφύρας άπαντα
Αποθηκεύτηκε σε:
| Άλλοι συγγραφείς: | |
|---|---|
| Μορφή: | Βιβλίο |
| Γλώσσα: | Greek |
| Δημοσίευση: |
Αθήνα :
Πηγή,
1956
|
| Σειρά: | Νεοελληνική βιβλιοθήκη
|
| Θέματα: | |
| Ετικέτες: |
Προσθήκη ετικέτας
Δεν υπάρχουν, Καταχωρήστε ετικέτα πρώτοι!
|
MARC
| LEADER | 00000cam a2200000 i 4500 | ||
|---|---|---|---|
| 001 | 1/92784 | ||
| 008 | 080829s1956 gre d | ||
| 035 | |l 10099756 | ||
| 040 | |a GR-MY-UA |b gre |e aacr | ||
| 041 | 0 | |a gre | |
| 082 | 0 | |a 889.1 |2 (22) | |
| 245 | 1 | 0 | |a Πορφύρας άπαντα / |c έκρινε Γ. Βαλέτας |
| 260 | |a Αθήνα : |b Πηγή, |c 1956 | ||
| 300 | |a 230 σ.; |c 21 εκ. | ||
| 490 | 1 | |a Νεοελληνική βιβλιοθήκη | |
| 600 | 1 | 0 | |a Πορφύρας, Λάμπρος, |d 1879-1932. |
| 650 | 0 | 0 | |a Greek poetry, Modern. |
| 650 | 0 | 0 | |a Poets, Greek |x Biography |x History and criticism. |
| 700 | 1 | |a Βαλέτας, Γιώργος Μ., |d 1907-1989. |4 edt | |
| 830 | 0 | |a Νεοελληνική βιβλιοθήκη | |
| 852 | |a INST |b RHODES |c AKA |e 20080829 |h 889.1 ΠΟΡ |p 005400027463 |q 005400027463 |t BK |y 0 | ||
| 901 | |a BIBL4-2008-2 | ||
| 909 | |a Ρ |b 152798 | ||
| 970 | |a ΧΑΡΙΟΠΟΛΙΤΟΥ |b ΚΩΝΣΤΑΝΤΙΝΑ |z 2008/08/29 | ||